| 000 | 01487cad a22003135a 4500 | ||
|---|---|---|---|
| 001 | E147612 | ||
| 008 | 090530s2007 xxk f ls000 0 eng d | ||
| 035 | _a(Sirsi) u147612 | ||
| 041 | 0 | _aeng | |
| 050 | 0 | 4 | _a630.0269411 $2 18 |
| 110 | 2 |
_aScotland _kLaws, etc. |
|
| 245 | 0 | 0 |
_aCrofting Reform etc. Act 2007 _h[electronic resource] |
| 260 |
_aLondon _bOPSI _c2007 |
||
| 505 | 2 | _aPart 1: the Crofters Commission -- Part 2: crofts -- Part 3: termination of tenancy, decrofting etc. -- Part 4: common grazings -- Part 5: schemes for development -- Part 6: crofting community right to buy -- Part 7: general and miscellaneous | |
| 520 | _aAmends the Crofting (Scotland) Act 1993, and changes provisions in the Crofters Holdings (Scotland) Act 1886, The Deer (Scotland) Act 1996, the Land Reform (Scotland) Act 2003, the Succession (Scotland) Act 1964 and the Scottish Land Court Act 1993. | ||
| 521 | _aAdvanced | ||
| 590 | _aKA | ||
| 650 | 2 | 4 | _aCROFTING REFORM ETC. ACT 2007 |
| 650 | 2 | 4 | _aCROFTING (SCOTLAND) ACT 1993 |
| 650 | 2 | 4 | _aCROFTERS HOLDINGS (SCOTLAND) ACT 1886 |
| 650 | 2 | 4 | _aDEER (SCOTLAND) ACT 1996 |
| 650 | 2 | 4 | _aLAND REFORM (SCOTLAND) ACT 2003 |
| 650 | 2 | 4 | _aSUCCESSION (SCOTLAND) ACT 1964 |
| 650 | 2 | 4 | _aSCOTTISH LAND COURT ACT 1993 |
| 651 | 4 | _aUnited Kingdom | |
| 690 | _aENVIRONMENTAL AND LAND CONSULTANCY-AGRIBUSINESS-AGRICULTURE | ||
| 856 | 4 | 0 |
_uhttps://www.legislation.gov.uk/asp/2007/7/contents _zAvailable free on legislation.gov.uk |
| 942 |
_n0 _2ddc |
||
| 999 |
_c109654 _d109654 |
||